Caracterización y tratamiento de los efluentes líquidos de la industria de elaboración de jugo concentrado de manzana /

Guardado en:
Autor Principal: Cittá, Carlos A.
Formato: Libro
Idioma:Undetermined
Publicado: Buenos Aires, Argentina : Instituto Nacional de Tecnología Industrial (INTI : Centro de Investigación y Asistencia Técnica a la Industria (CIATI), 1983.
Materias:
Etiquetas: Agregar Etiqueta
Sin Etiquetas, Sea el primero en etiquetar este registro!
LEADER 00803nam a22001575a 4500
001 EIQ.libpla004429
008 131212s1983####ag############000#0#und#d
005 20131212163106.0
245 1 0 |a Caracterización y tratamiento de los efluentes líquidos de la industria de elaboración de jugo concentrado de manzana /  |c Carlos A. Cittá... [et al.]. 
260 |a Buenos Aires, Argentina :  |b Instituto Nacional de Tecnología Industrial (INTI :  |b Centro de Investigación y Asistencia Técnica a la Industria (CIATI),  |c 1983. 
300 |a 49 p. :  |b il., fotogr., diagr., tablas ;  |c 30 cm. 
020 |a 9505320094 
100 1 |a Cittá, Carlos A. 
650 7 |a Medio ambiente  |x Tratamiento de efluentes  |x Jugo de manzanas 
650 7 |a Environment  |x Effluent treatment  |x Apple juice 
859 |a AR-BbSID  |b BIB. PLAPIQUI  |h 628.51  |i C498  |p 4985